000 00706nam a22002297a 4500
003 UA-OsUOA
001 104837
007 ta
008 20140129b un ||||| |||| 00| 0 ukr d
100 _aКузнецова Т.
700 _aРудь В.
090 _a330
_bК89
942 _cSA
040 _aUA-OsUOA
_brus
_cUA-OsUOA
_dUA-OsUOA
245 _aКонкуренция, инновация и стратегия развития российских предприятий (результаты эмпирических исследований)
300 _aС.86-109
955 _a0
041 _arus
080 _a330
773 0 _w104834
650 7 _a330 Економіка взагалі
_2UDC
999 _c391131
_d391131